000 00693nam a2200241Ia 4500
003 OSt
005 20220928105049.0
006 a|||||r|||| 00| 0
007 ta
008 220927b |||||||| |||| 00| 0 eng d
024 _a6101
037 _cTextual
040 _aSDCL
_cSDCL
_beng
041 _2eng
_aeng
082 _aV2:3(Q2)'P, P5
100 _aVon Stietencron Heinrich
_9413547
245 0 _aHindu myth Hindu history
_bReligion,art and politics
260 _aRanikhet
_bPermanent Black
_c2005
300 _a327p
_ccm.
650 _aState And Hinduism
_9413548
942 _hV2:3(Q2)'P, P5
_cTEXL
_2CC
999 _c729328
_d729328